000 00284nam a22001337a 4500
008 170524b xxu||||| |||| 00| 0 eng d
020 _a9780022749545
041 _aeng
080 _a621.3
100 _a26
101 _aIM
245 _aWIRES AND WATTS
_cMATH.I
942 _2udc
_cBK
999 _c14154
_d14154